000 02142cam a22004814i 4500
003 PE-LiUPU
005 20250731173337.0
008 150706s r 000 0 d
020 _a9042913452
035 _a(Sirsi) i9789042913455
040 _aPE-LiUPU
_bspa
_cPE-LiUPU
_erda
049 _aPRUA
082 0 4 _a221.07
_bHC
_221
100 1 _aRenkema, Johan,
_eautor.
245 1 0 _aObadiah /
_cJohan Renkema [translated from the Dutch by Brian Doyle].
264 1 _aLeuven, Belgium :
_bPeeters,
_c2003.
300 _a224 páginas ;
_c24 centímetros
336 _atext
_2rdacontent
337 _aunmediated
_2rdamedia
338 _avolume
_2rdacarrier
490 0 _aHistorical Commentary On The Old Testament
504 _aIncluye bibliografía.
505 0 _aPlace in the Canon -- The Person Obadiah -- Location -- Historical context of the prophet -- Traditio-historical aspect -- Relationship Jeremiah - Obadiah -- Composition of the booklet -- Message of Obadiah -- Hermeneutical notes -- Literary Structure -- Delimitation of Cola -- Delimitation of verselines -- Delimitation of Strophes -- Delimitation of Canticles -- Macro Structure -- Obadiah: text, traslation and Structure -- Washington MV -- Sinaiticus -- Vaticanus -- Alexandrinus -- Marchalianus -- Essentials and perspectives -- Exegesis.
526 _aSEG42
526 _aSEG41
526 _aSEG40
526 _aSEG39
526 _aP94
526 _aP87
526 _aP86
526 _aP85
526 _aP77
526 _aP76
526 _aP35
541 _g20081126230934D47324;
630 _aBiblia.
_pA.T.
_pAbdías
_vComentarios.
910 _agl
_bjv
_cjv
_d20100222
942 _2ddc
_cBOOK
949 _a221.07 HC 31
_wDEWEY
_c1
_i59817
_lCCODEBUL1
_mBUL
_p32.00
_r0
_sY
_tBOOK
_u2015-7-6
_xTEOLOGIA
_zUNKNOWN
_0COMPRA
_o.STAFF. Colección General
994 _aC0
_bPEPRU
596 _a1
999 _a221.07 HC 31
_wDEWEY
_c49354
_i59817
_f2021-11-9
_g5
_lCCODEBUL1
_mBUL
_p32.00
_r0
_sY
_tBOOK
_u2015-7-6
_xTEOLOGIA
_zUNKNOWN
_0COMPRA
_o.STAFF. Colección General
_d49354
980 _81
_gALBERTO SANCHEZ Responsable de Automatización